Detalles MARC
| 000 -LÍDER |
| Campo fijo de descripción fija |
02207cam a2200421 i 4500 |
| 001 - NÚMERO DE CONTROL |
| Campo de control |
19799296 |
| 003 - IDENTIFICADOR DEL NÚMERO DE CONTROL |
| Campo de control |
CO-MdFUSB |
| 005 - FECHA Y HORA DE LA ULTIMA TRANSACCIÓN |
| control field |
20190130151144.0 |
| 008 - ELEMENTOS DE LONGITUD FIJA -- INFORMACIÓN GENERAL |
| Campo fijo de descripción fija -- Información general |
170720s2018 enk g b 001 0 eng |
| 010 ## - NÚMERO DE CONTROL DE LA BIBLIOTECA DEL CONGRESO |
| Número de control LC |
2017034622 |
| 020 ## - NÚMERO INTERNACIONAL NORMALIZADO PARA LIBROS |
| Número Internacional Normalizado del libro |
9781107176621 (hardback) |
| 020 ## - NÚMERO INTERNACIONAL NORMALIZADO PARA LIBROS |
| Número Internacional Normalizado del libro |
9781316629833 (paperback) |
| 040 ## - FUENTE DE CATALOGACIÓN |
| Agencia de catalogación original |
DLC |
| Idioma de catalogación |
spa |
| Agencia que realiza la transcripción |
CO-MdFUSB |
| Convenciones de la descripción |
rda |
| Agencia que realiza la modificación |
CO-MdFUSB |
| 041 ## - CÓDIGO DE IDIOMA |
| Código de idioma para texto/pista de sonido o título separado |
eng |
| 042 ## - AUTHENTICATION CODE |
| Authentication code |
pcc |
| 043 ## - GEOGRAPHIC AREA CODE |
| Geographic area code |
n-us--- |
| 082 00 - NÚMERO DE CLASIFICACIÓN DECIMAL DEWEY |
| Número de la edición del Dewey |
23 |
| Número de clasificación |
G 261.7 |
| Clave de autor-Numero de item |
H467g |
| 100 1# - ASIENTO PRINCIPAL--NOMBRE PERSONAL |
| Nombre personal |
Heimburger, Robert W. |
| Fechas asociadas con el nombre |
1979- |
| Término relacionador |
autor |
| 245 10 - TÍTULO |
| Título del Material |
God and the illegal alien |
| Parte restante del título - Subtitulo |
: United States immigration law and a theology of politics |
| Mención de responsabilidad, etc. |
/ Robert W. Heimburger. |
| 264 #1 - PRODUCCIÓN, PUBLICACIÓN, DISTRIBUCIÓN, MANUFACTURA, Y COPYRIGHT |
| Lugar de producción, publicación, distribución, manufactura |
Cambridge, United Kingdom ; |
| -- |
New York, NY : |
| Nombre del productor, publicador, distribuidor |
Cambridge University Press, |
| Fecha de producción, publicación, distribución, manufactura, o copyright |
℗[2018] |
| 264 #4 - PRODUCCIÓN, PUBLICACIÓN, DISTRIBUCIÓN, MANUFACTURA, Y COPYRIGHT |
| Fecha de producción, publicación, distribución, manufactura, o copyright |
©2018 |
| 300 ## - DESCRIPCIÓN FÍSICA |
| Extensión |
xx, 238 páginas ; |
| Dimensiones |
24 cm. |
| 336 ## - TIPO DE CONTENIDO |
| Fuente |
rdacontent |
| Término de tipo de contenido |
texto |
| Código de tipo de contenido |
txt |
| 337 ## - TIPO DE MEDIO |
| Fuente |
rdamedia |
| Nombre del tipo de medio |
sin mediación |
| Código del tipo de medio |
n |
| 338 ## - TIPO DE SOPORTE |
| Fuente |
rdacarrier |
| Nombre del tipo de soporte |
volumen |
| Código Tipo de soporte |
nc |
| 490 0# - MENCIÓN DE SERIE |
| Mención de serie |
Law and christianity |
| 501 ## - NOTA DE “CON” |
| Nota de Contenido |
Incluye índice (páginas 235- 238) |
| 504 ## - NOTA DE BIBLIOGRAFÍA, ETC. |
| Nota de bibliografía, etc |
Bibliografía (páginas 217- 234) |
| 505 8# - NOTA DE CONTENIDO |
| Nota de contenido con formato preestablecido |
Introducción -- Parte 1. El inmigrante como extranjero -- 1. Cómo surgió el extranjero: lealtad, ley inglesa y ley federal de inmigración -- 2. Acercarse a vecinos lejanos en el mundo de Dios -- Parte II. El extranjero como ilegalmente presente -- 3. Cómo los extranjeros se convirtieron en ilegales: soberanía, migración china y ley federal de inmigración -- 4. La guardia humilde: gobernando la inmigración bajo Dios -- Parte III. ¿Un extranjero presente ilegalmente de un país vecino? -- 5. Cómo los nacionales de los países vecinos se convirtieron en extranjeros ilegales: no discriminación, migración mexicana y ley federal de inmigración -- 6. Justicia y misericordia entre los vecinos -- Conclusión. |
| 653 ## - TÉRMINO DE INDIZACIÓN - NO CONTROLADO |
| Término no controlado |
Teologia politica |
| 653 ## - TÉRMINO DE INDIZACIÓN - NO CONTROLADO |
| Término no controlado |
Política y religión -- teología social -- cristianismo |
| 653 ## - TÉRMINO DE INDIZACIÓN - NO CONTROLADO |
| Término no controlado |
Extranjeros ilegales -- Estados Unidos |
| 906 ## - LOCAL DATA ELEMENT F, LDF (RLIN) |
| a |
7 |
| b |
cbc |
| c |
orignew |
| d |
1 |
| e |
ecip |
| f |
20 |
| g |
y-gencatlg |
| 942 ## - TIPO DE MATERIAL (KOHA) |
| Tipo de Item KOHA |
Libros General |